European Countries in Portuguese Quiz Stats

 Plays Quiz not verified by Sporcle

Score 0/47 Timer 10:00
0 Plays Today
Country % Correct
PortugalPortugal
98%
SpainEspanha
81.6%
AndorraAndorra
81.6%
ItalyItália
63.3%
MonacoMónaco
61.2%
San MarinoSão Marino
57.1%
FranceFrança
55.1%
AustriaÁustria
53.1%
NetherlandsHolanda
53.1%
GermanyAlemanha
53.1%
MaltaMalta
53.1%
LuxembourgLuxemburgo
51%
KosovoKosovo
51%
RussiaRússia
51%
United KingdomReino Unido
49%
GreeceGrécia
49%
AlbaniaAlbânia
49%
EstoniaEstónia
49%
BelgiumBélgica
46.9%
IrelandIrlanda
46.9%
FinlandFinlândia
46.9%
CyprusChipre
46.9%
IcelandIslândia
44.9%
DenmarkDinamarca
44.9%
Country % Correct
VaticanVaticano
44.9%
BulgariaBulgária
44.9%
PolandPolónia
44.9%
TurkeyTurquia
44.9%
MacedoniaMacedónia
44.9%
MontenegroMontenegro
44.9%
SwitzerlandSuíça
40.8%
NorwayNoruega
40.8%
Czech RepublicRepública Checa
40.8%
SloveniaEslovénia
40.8%
LithuaniaLituânia
40.8%
SlovakiaEslováquia
38.8%
CroatiaCroácia
38.8%
UkraineUcrânia
38.8%
LiechtensteinLiechtenstein
38.8%
SwedenSuécia
36.7%
HungaryHungria
36.7%
MoldovaMoldávia
34.7%
Bosnia and HerzegovinaBósnia Herzegovina
32.7%
SerbiaSérvia
32.7%
RomaniaRoménia
32.7%
LatviaLetónia
30.6%
BelarusBielorrússia
28.6%

You're not logged in!

Compare scores with friends on all Sporcle quizzes.
OR
Log In

Show Comments

Extras

Top Quizzes Today


Score Distribution

Your Account Isn't Verified!

In order to create a playlist on Sporcle, you need to verify the email address you used during registration. Go to your Sporcle Settings to finish the process.

Report this User

Report this user for behavior that violates our Community Guidelines.

Details: